[Event "2nd Costa Brava"]
[Site "Sant Feliu de Guixols ESP"]
[Date "1974.09.20"]
[Round "11"]
[White "Martin Gonzalez, Angel"]
[Black "Kurajica, Bojan"]
[Result "0-1"]
[WhiteElo "2320"]
[BlackElo "2510"]
[EventDate "1974.09.07"]
[PlyCount "62"]

1.e4 c5 2.Nf3 Nc6 3.d4 cxd4 4.Nxd4 Qc7 5.Nc3 e6 6.g3 a6 7.Bg2 Nf6 8.O-O 
Be7 9.Re1 Nxd4 $1 ( 9...d6 10.Nxc6 bxc6 11.e5 $14 ) ( 9...O-O 10.Nxc6 dxc6
11.e5 Rd8 12.Qf3 $14 ) 10.Qxd4 Bc5 11.Qd1 d6 12.Bf4 $6 ( 12.Bg5 Bd7 $11 ) 
( 12.Be3 e5 13.Bxc5 Qxc5 14.Qd2 Be6 15.Rad1 Ke7 {/\ Rhd8} ) 12...e5 13.Bg5
Ng4 14.Re2 Be6 $15 15.Nd5 ( 15.h3 h6 $1 ) 15...Bxd5 16.exd5 Qb6 17.Qe1 
Qxb2 18.Rb1 Qxa2 19.Rxb7 O-O 20.h3 h6 $1 21.hxg4 hxg5 $17 22.Qd2 Rfb8 23.
Re7 Qa1+ 24.Kh2 g6 $1 25.Be4 Kg7 26.Kg2 Rh8 27.Re1 Qd4 28.Qe2 Ra7 29.Rxa7 
Bxa7 30.Rb1 a5 31.Rb7 Qa1 0-1

[Event "2nd Costa Brava"]
[Site "Sant Feliu de Guixols ESP"]
[Date "1974.09.20"]
[Round "11"]
[White "Pomar Salamanca, Arturo"]
[Black "Andersson, Ulf"]
[Result "1-0"]
[WhiteElo "2425"]
[BlackElo "2580"]
[EventDate "1974.09.07"]
[PlyCount "75"]

1.d4 Nf6 2.Nf3 c5 3.c4 cxd4 4.Nxd4 b6 5.Nc3 Bb7 6.f3 d6 7.e4 e6 8.Be2 a6 
9.O-O Nbd7 10.Be3 Be7 11.a4 O-O 12.Re1 Re8 13.Bf2 Qc7 14.Rc1 Rad8 15.Kh1 
Qb8 16.Bf1 Kh8 17.Qc2 Rc8 18.Qd2 Bd8 19.Rcd1 Bc7 20.Bg1 Rg8 21.Nc2 Rcd8 
22.Ne3 g5 23.Ng4 Nxg4 24.fxg4 Ne5 25.Bd4 Bc6 26.Qf2 Kg7 27.b4 f6 28.h3 Qb7
29.b5 axb5 30.Nxb5 Rb8 31.Rb1 Bxb5 32.cxb5 Bd8 33.Rbc1 Be7 34.Qa2 Qd7 35.
Bxe5 fxe5 36.Bc4 Kf7 37.Rf1+ Bf6 38.Bxe6+ 1-0